Entrada Encabezamiento temático
Número de registros utilizados en: 11
001 - NÚMERO DE CONTROL
- campo de control: 2086
003 - IDENTIFICADOR DEL NÚMERO DE CONTROL
- campo de control: vecauma
005 - FECHA Y HORA DE LA ÚLTIMA TRANSACCIÓN
- campo de control: 20220930191003.0
008 - DATOS DE LONGITUD FIJA
- campo de control de longitud fija: 220728|| aca||aabn | a|a d
040 ## - FUENTE DE LA CATALOGACIÓN
- Centro catalogador/agencia de origen: vecauma
053 ## - Número de clasificación LC
- Número de clasificación–único número o número inicial: BL560
150 ## - Materia
- Encabezamiento temático: ORACION
450 ## - REFERENCIA DE “VEASE” MATERIA
- Encabezamiento temático: Prayer
450 ## - REFERENCIA DE “VEASE” MATERIA
- Encabezamiento temático: Plegaria
550 ## - REFERENCIA DE "VEASE ADEMAS" MATERIA
- Encabezamiento temático: MEDITACION
550 ## - REFERENCIA DE "VEASE ADEMAS" MATERIA
- Encabezamiento temático: VIDA ESPIRITUAL
670 ## - FUENTE EN LA QUE SE LOCALIZARON DATOS
- Cita de la fuente: Catálogo de Autoridades de la Biblioteca Nacional de España, 2022
- Información localizada: (Oración)
670 ## - FUENTE EN LA QUE SE LOCALIZARON DATOS
- Cita de la fuente: Catálogo de Autoridades de la Biblioteca del Congreso, 2022
- Información localizada: (Prayer)
680 ## - NOTA GENERAL CON DESPLIEGUE AL PUBLICO
- Texto explicativo: Bajo este encabezamiento se ingresan las obras sobre el hecho y manera de dirigir plegarias o alabanzas a la divinidad o a personas santas.
